Essentials of real estate finance (Record no. 62854)
[ view plain ]
| 000 -LEADER | |
|---|---|
| fixed length control field | 01219nam a2200241 a 4500 |
| 008 - FIXED-LENGTH DATA ELEMENTS--GENERAL INFORMATION | |
| fixed length control field | 120416s1989 ||||||||||||||||| || u |
| 020 ## - INTERNATIONAL STANDARD BOOK NUMBER | |
| International Standard Book Number | 0884628159 |
| 050 ## - LIBRARY OF CONGRESS CALL NUMBER | |
| Classification number | HD 7293.Z9 Sir |
| 100 ## - MAIN ENTRY--PERSONAL NAME | |
| Personal name | Sirota, David |
| 245 10 - TITLE STATEMENT | |
| Title | Essentials of real estate finance |
| 250 ## - EDITION STATEMENT | |
| Edition statement | 5th ed. |
| 260 ## - PUBLICATION, DISTRIBUTION, ETC. | |
| Place of publication, distribution, etc. | Chicago, Ill. |
| Name of publisher, distributor, etc. | Real Estate Education |
| Date of publication, distribution, etc. | 1989 |
| 300 ## - PHYSICAL DESCRIPTION | |
| Extent | xxiv, 306 p. : ill. |
| 350 ## - | |
| -- | 0.00 |
| 650 ## - SUBJECT ADDED ENTRY--TOPICAL TERM | |
| Topical term or geographic name entry element | Mortgage loans- - United States |
| 650 ## - SUBJECT ADDED ENTRY--TOPICAL TERM | |
| Topical term or geographic name entry element | HOUSE- - UNITED TATES- - FINANCE |
| 650 ## - SUBJECT ADDED ENTRY--TOPICAL TERM | |
| Topical term or geographic name entry element | HOUSING |
| 650 ## - SUBJECT ADDED ENTRY--TOPICAL TERM | |
| Topical term or geographic name entry element | REAL ESTATE BUSINESS--UNITED STATES |
| 995 ## - | |
| -- | MAIN LIBRARY OPEN ACCESS |
| -- | 0.00 |
| -- | 725506 |
| -- | CBU-MAIN LIBRARY (Kitwe) |
| -- | 1 |
| -- | 19.50 |
| -- | HD 7293.Z9 Sir |
| -- | 3 |
| -- | AVAILABLE |
| -- | Apr 27, 2006 |
| -- | 004374 |
| -- | Main Library Open Access Collection |
| 995 ## - | |
| -- | BINDERY (DAMAGED) |
| -- | 0.00 |
| -- | 725503 |
| -- | CBU-MAIN LIBRARY (Kitwe) |
| -- | 3 |
| -- | 19.50 |
| -- | HD 7293.Z9 Sir |
| -- | 4 |
| -- | DAMAGED |
| -- | 004375 |
| -- | Main Library Open Access Collection |
| 995 ## - | |
| -- | MAIN LIBRARY OPEN ACCESS |
| -- | 0.00 |
| -- | 725505 |
| -- | CBU-MAIN LIBRARY (Kitwe) |
| -- | 4 |
| -- | 19.50 |
| -- | HD 7293.Z9 Sir |
| -- | 1 |
| -- | AVAILABLE |
| -- | 004373 |
| -- | Main Library Open Access Collection |
| 995 ## - | |
| -- | BINDERY (DAMAGED) |
| -- | 0.00 |
| -- | 725504 |
| -- | CBU-MAIN LIBRARY (Kitwe) |
| -- | 2 |
| -- | 19.50 |
| -- | HD 7293.Z9 Sir |
| -- | 2 |
| -- | DAMAGED |
| -- | 004406 |
| -- | Main Library Open Access Collection |
| 999 ## - | |
| -- | 62854 |
| -- | 62854 |
| Withdrawn status | Lost status | Source of classification or shelving scheme | Damaged status | Not for loan | Permanent Location | Current Location | Shelving location | Date acquired | Total Checkouts | Full call number | Barcode | Date last seen | Price effective from | Koha item type |
|---|---|---|---|---|---|---|---|---|---|---|---|---|---|---|
| CBU-MAIN LIBRARY, KITWE. | CBU-MAIN LIBRARY, KITWE. | 12/16/2022 | HD 7293.Z9 Sir | 004374 | 12/16/2022 | 12/16/2022 | MONOGRAPH | |||||||
| CBU-MAIN LIBRARY, KITWE. | CBU-MAIN LIBRARY, KITWE. | 12/16/2022 | HD 7293.Z9 Sir | 004375 | 12/16/2022 | 12/16/2022 | MONOGRAPH | |||||||
| CBU-MAIN LIBRARY, KITWE. | CBU-MAIN LIBRARY, KITWE. | 12/16/2022 | HD 7293.Z9 Sir | 004373 | 12/16/2022 | 12/16/2022 | MONOGRAPH | |||||||
| CBU-MAIN LIBRARY, KITWE. | CBU-MAIN LIBRARY, KITWE. | 12/16/2022 | HD 7293.Z9 Sir | 004406 | 12/16/2022 | 12/16/2022 | MONOGRAPH |